Estadísticas para 15 principales países afectados por Covid19 - 13 de junio

Haz click aquí para intentar la prueba.

Estadísticas generales

  • Esta prueba ha sido intentada 3 veces
  • La puntuación promedio es 21 de 26

Estadísticas de respuestas

país% Correcto
Alemania
100%
Brasil
100%
Chile
100%
Chile
100%
España
100%
Estados Unidos
100%
Francia
100%
India
100%
Irán
100%
Italia
100%
Perú
100%
Reino Unido
100%
Rusia
100%
Turquía
100%
Baréin
67%
Bélgica
67%
Catar
67%
Kuwait
67%
México
67%
Pakistán
67%
Panamá
67%
Singapur
67%
Suecia
67%
Armenia
33%
Bielorrusia
33%
Irlanda
33%

Distribución de puntuación

Porcentaje por número respondido

Porcentaje de gente con cada puntuación

Historial de tus puntuaciones

No has intentado esta prueba.